Everton Premier League Players - Statistics

General Stats
  • This quiz has been taken 3,972 times
    363 since last reset
  • The average score is 85 of 284
Answer Stats
The Toffees % Correct
Jordan Pickford
91%
Moise Kean
84%
Séamus Coleman
84%
Tim Howard
84%
Leighton Baines
83%
Dominic Calvert-Lewin
81%
Gareth Barry
81%
Thierno Barry
81%
Jack Grealish
80%
James Tarkowski
79%
Romelu Lukaku
77%
Wayne Rooney
75%
Idrissa Gueye
74%
James Rodríguez
74%
Magaye Gueye
74%
Beto
73%
72%
Michael Keane
72%
Phil Jagielka
69%
Jarrad Branthwaite
66%
Duncan Ferguson
65%
Richarlison
65%
James Garner
63%
Marouane Fellaini
63%
Tim Cahill
63%
Vitaliy Mykolenko
61%
Iliman Ndiaye
60%
Lucas Digne
60%
Phil Neville
60%
Dwight McNeil
59%
Leon Osman
59%
Kevin Mirallas
58%
Steven Pienaar
58%
Mikel Arteta
56%
Ross Barkley
56%
Simon Davies
56%
Tom Davies
56%
André Gomes
55%
Andy Johnson
55%
Graham Allen
55%
Jake O'Brien
55%
Kiernan Dewsbury-Hall
55%
Tommy Johnson
55%
Ashley Young
53%
Gylfi Sigurðsson
52%
Tie Li
52%
Weifeng Li
52%
Abdoulaye Doucouré
51%
Nathan Patterson
51%
Allan
49%
Ashley Williams
49%
Demarai Gray
49%
John Stones
49%
Sylvain Distin
48%
Theo Walcott
48%
Tony Hibbert
47%
Anthony Gordon
46%
Kevin Campbell
46%
Yerry Mina
45%
Amadou Onana
44%
Louis Saha
44%
Neville Southall
44%
Yakubu Aiyegbeni
44%
Joleon Lescott
43%
Morgan Schneiderlin
43%
James McCarthy
42%
Nikica Jelavic
42%
Steven Naismith
42%
Alex Iwobi
41%
Antolín Alcaraz
40%
Asmir Begović
40%
Bernard
40%
Carlos Alcaraz
40%
Darron Gibson
40%
Joseph Yobo
40%
Richard Wright
40%
Mason Holgate
39%
Andros Townsend
38%
Joshua King
38%
Samuel Eto'o
38%
Victor Anichebe
38%
Aaron Lennon
37%
Jack Harrison
37%
Joel Robles
37%
Thomas Gravesen
37%
Dave Watson
36%
Jack Rodwell
36%
Steve Watson
36%
Dele Alli
35%
Stephen Hughes
35%
David Unsworth
34%
Fabian Delph
34%
Francis Jeffers
34%
Lee Carsley
34%
Maarten Stekelenburg
34%
Mark Hughes
34%
Andrei Kanchelskis
33%
Cenk Tosun
33%
Conor Coady
33%
Kurt Zouma
33%
Marcus Bent
33%
Ramiro Funes Mori
33%
Salomón Rondón
33%
Tyler Dibling
33%
Gerard Deulofeu
32%
Johnny Heitinga
32%
Landon Donovan
32%
Arouna Koné
31%
David Weir
31%
Donny van de Beek
31%
Gary Speed
31%
Nick Barmby
31%
Paul Gascoigne
30%
Davy Klaassen
29%
Harrison Armstrong
29%
João Virgínia
29%
Matt Jackson
29%
Tim Iroegbunam
29%
Abel Xavier
28%
Ben Godfrey
28%
Graham Stuart
28%
James Beattie
28%
Michael Ball
28%
Nigel Martyn
28%
Tom Cleverley
28%
Tony Cottee
28%
Yannick Bolasie
28%
Ademola Lookman
27%
David Ginola
27%
Oumar Niasse
27%
Richard Dunne
27%
Robin Olsen
27%
Alan Stubbs
26%
Alessandro Pistone
26%
James Vaughan
26%
Kevin Kilbane
26%
Paul Rideout
26%
Peter Beardsley
26%
Billy Kenny
24%
Cuco Martina
24%
James McFadden
24%
Jonjoe Kenny
24%
Neal Maupay
24%
Tomasz Radzinski
24%
Gary Ablett
23%
Merlin Röhl
23%
Muhamed Bešić
23%
Diniyar Bilyaletdinov
22%
Marco Materazzi
22%
Paul Gerrard
22%
Aiden McGeady
21%
Anders Limpar
21%
Dan Gosling
21%
Daniel Amokachi
21%
Don Hutchison
21%
Gary Naysmith
21%
John Collins
21%
Martin Keown
21%
Roysten Drenthe
21%
Barry Horne
20%
Brian McBride
20%
Ellis Simms
20%
Jean-Philippe Gbamin
20%
Lacina Traoré
20%
Manuel Fernandes
20%
Peter Clarke
20%
Anderson de Silva
19%
Andy van der Meyde
19%
Bryan Oviedo
19%
Jose Baxter
19%
Mark Ward
19%
Mitch Ward
19%
Niclas Alexandersson
19%
Tony Thomas
19%
Youssef Chermiti
19%
Andy Hinchcliffe
18%
Djibril Sidibé
18%
Eliaquim Mangala
18%
Iain Turner
18%
Joe-Max Moore
18%
Neil Moore
18%
Orel Mangala
18%
Richard Gough
18%
Enner Valencia
17%
Mo Johnston
17%
Sandro Ramirez
17%
Shane Duffy
17%
Thomas Myhre
17%
Tony Grant
17%
Apostolos Vellios
16%
Danny Cadamarteri
16%
Danny Williamson
16%
Joe Parkinson
16%
Lewis Dobbin
16%
Luke Garbutt
16%
Peter Beagrie
16%
Slaven Bilic
16%
Steve Simonsen
16%
Brett Angell
15%
Craig Short
15%
Ibrahim Bakayoko
15%
Jermaine Beckford
15%
John Ebbrell
15%
John Ruddy
15%
John Spencer
15%
Nikola Vlasic
15%
Nuno Valente
15%
Scott Gemmill
15%
Alan Harper
14%
Anwar El Ghazi
14%
Earl Barrett
14%
Jesper Lindstrøm
14%
John Oster
14%
Kieran Dowell
14%
Mark Pembridge
14%
Olivier Dacourt
14%
Philippe Senderos
14%
Roman Dixon
14%
Sander Westerveld
14%
Thomas Hitzlsperger
14%
Tyias Browning
14%
Armando Broja
13%
Brendan Galloway
13%
Gareth Farrelly
13%
Ian Snodin
13%
Alex Nyarko
12%
Christian Atsu
12%
Jason Kearton
12%
Lucas Neill
12%
Segundo Castillo
12%
Tobias Linderoth
12%
Vinny Samways
12%
Arnaut Danjuma
11%
Denis Stracqualursi
11%
Espen Baardsen
11%
Ján Mucha
11%
Lars Jacobsen
11%
Matthew Pennington
11%
Michael Branch
11%
Michael Madar
11%
Nick Chadwick
11%
Predrag Radosavljevic
11%
Rúben Vinagre
11%
Terry Phelan
11%
Alex Cleland
10%
Carl Tiler
10%
Idan Tal
10%
Jesper Blomqvist
10%
Kieran Agard
10%
Per Kroldrup
10%
Stuart Barlow
10%
Beni Baningime
9%
Callum Connolly
9%
Claus Thomsen
9%
David Burrows
9%
Isaac Price
9%
Nathan Broadhead
9%
Paul Holmes
9%
Phil Jevons
9%
Robert Warzycha
9%
Stefan Wessels
9%
Tyler Onyango
9%
Conor McAleny
8%
Ian Durrant
8%
Ian Jenkins
8%
Jon O'Connor
8%
Marc Hottiger
8%
Matteo Ferrari
8%
Gavin McCann
7%
John O'Kane
7%
Kevin McLeod
7%
Niels Nkounkou
7%
Peter Degn
7%
Adam Forshaw
6%
Gary Rowett
6%
Jamie Milligan
6%
John Hills
6%
Kenny Sansom
6%
Lewis Warrington
6%
Lucas Jutkiewicz
6%
Thomas Cannon
6%
Adam Farley
5%
Rodrigo Juliano
3%
No matching quizzes found
Score Distribution
Percent of People with Each Score
Percentile by Number Answered
Your Score History
You have not taken this quiz since the last reset